| 000 | 01065cab a22002295a 4500 | ||
|---|---|---|---|
| 001 | L138629 | ||
| 008 | 070627e20070620xxk 000 0 eng d | ||
| 035 | _a(Sirsi) u138629 | ||
| 041 | 0 | _aeng | |
| 100 | 1 | _aWatson, Kathy | |
| 245 | 0 | 0 | _aWaste not, want not |
| 260 | _c2007 | ||
| 490 |
_aContract Journal _v439(6630) 20 June 2007, 28-33(4) |
||
| 520 | _aExamines recycling processes within the construction industry. Following the Government?s new waste strategy document (L138263) all sections of the construction supply chain are gearing to recycle more materials. More work is also expected from climate change initiatives. Examines a number of viewpoints and case studies, including clients, major housebuilders, small builders, recycling consultants and demolition contractors. | ||
| 590 | _aKA | ||
| 650 | 2 | 4 | _aWASTE STRATEGY FOR ENGLAND AND WALES |
| 651 | 4 |
_aUnited Kingdom _y |
|
| 690 | _aENVIRONMENTAL AND LAND CONSULTANCY-WASTE MANAGEMENT-WASTE RECYCLING | ||
| 690 |
_aConstruction management _96230 |
||
| 700 | 1 | _aMcCormick, Helen | |
| 942 | _n0 | ||
| 999 |
_c78935 _d78935 |
||